000 01449cam a2200373 a 4500
001 EDZ0000072167
003 StDuBDS
005 20161031105129.0
006 m||||||||d||||||||
007 cr |||||||||||
008 120412s2007 caua fo| 001|0|eng|d
020 _a9781446212516 (ebook) :
_cNo price
040 _aStDuBDS
_beng
_cStDuBDS
_epn
049 _aAlfaisal Main Library
050 0 _aGE40
_b.H56 2007
082 0 4 _a304.2
_223
100 1 _aHinchliffe, Steve,
_d1955-
245 1 0 _aGeographies of nature
_h[electronic resource] :
_bsocieties, environments, ecologies /
_cSteve Hinchliffe.
260 _aLos Angeles, Calif. ;
_aLondon :
_bSAGE,
_c2007.
300 _a1 online resource (xi, 212 p.) :
_bill.
504 _aIncludes bibliographical references and index.
520 8 _aPresenting a new perspective on environmental analysis, this text argues that human ecology should be integral with our study of the natural world.
521 _aSpecialized.
588 _aDescription based on print version record.
650 0 _aHuman ecology.
650 0 _aNature
_xEffect of human beings on.
650 0 _aHuman beings
_xEffect of environment on.
650 0 _aEcosystem management.
655 7 _aElectronic books.
_2local
710 2 _aSage eBooks
776 0 8 _iPrint version :
_z9781412910491
856 4 0 _uhttp://ezproxy.alfaisal.edu/login?url=http://sk.sagepub.com/books/geographies-of-nature
942 _2lcc
_cEBOOKS
999 _c479947
_d479947